Avances en la formulación del plan de conservación de especies de la familia testudinea : (Registro nro. 9064)

Detalles MARC
000 -CABECERA
Campo de control 00950nam a22002417a 4500
005 - FECHA Y HORA DE LA ULTIMA TRANSACCION
Campo de control 20191224041959.0
008 - ELEMENTOS DE LONGITUD FIJA—INFORMACION GENERAL
Campo de control 150214b2014 ck ||||| |||| 00| 0 spa d
020 ## - ISBN
ISBN 9789585778139
040 ## - FUENTE DE CATALOGACIÓN
Agencia catalogadora original CO-BoIAVH
Agencia transcriptora CO-BoIAVH
041 ## - IDIOMA
Código de idioma para texto/pista de sonido o título separado Español
044 ## - PAÍS DE PUBLICACIÓN
País de publicación Colombia
082 04 - NUMERO DE CLASIFICACION DECIMAL DEWEY
Número de clasificación 597.924
Número del ítem M97a
100 1# - ASIENTO PRINCIPAL--NOMBRE PERSONAL
Nombre personal Murilo Pacheco, Ricardo
245 10 - MENCION DE TITULO
Título Avances en la formulación del plan de conservación de especies de la familia testudinea :
Parte restante del título tortugas terrestres y dulceacuícolas reportadas en el departamento del Meta /
Mención de responsabilidad Ricardo Murillo Pacheco y Carlos Alberto Parra Sandoval
260 ## - PUBLICACION, DISTRIBUCION, ETC. (PIE DE IMPRENTA)
Lugar de publicación, distribución, etc. Villavicencio:
Nombre del editor, distribuidor, etc. Cormacarena,
-- Corporación Cotsala,
Fecha de publicación, distribución, etc. .
300 ## - DESCRIPCION FISICA
Extensión 44 p.
Otros detalles físicos fot (col), tablas, mapas.
Dimensiones 28 cm.
651 #4 - ASIENTO SECUNDARIO DE MATERIA - NOMBRE GEOGRAFICO
Nombre geográfico Tortugas terrestres
651 #4 - ASIENTO SECUNDARIO DE MATERIA - NOMBRE GEOGRAFICO
Nombre geográfico Tortugas de agua dulce
651 #4 - ASIENTO SECUNDARIO DE MATERIA - NOMBRE GEOGRAFICO
Nombre geográfico Testudinidae
651 #4 - ASIENTO SECUNDARIO DE MATERIA - NOMBRE GEOGRAFICO
Nombre geográfico Colombia
Subdivisión geográfica Meta (Dpto.)
700 1# - ASIENTO SECUNDARIO - NOMBRE PERSONAL
Nombre personal Parra Sandoval, Carlos Alberto
942 ## - ELEMENTOS ADICIONALES (KOHA)
Sistema de clasificación Dewey Decimal Classification
Tipo de ítem Folleto
Koha issues (borrowed), all copies 2
Existencias
Withdrawn status Lost status Sistema de Clasificación Damaged status No para préstamo Colección Inventariado Ubicación Permanente Ubicación actual Fecha de adquisición Fuente de Valor Valor Total Checkouts Número topográfico Inventario / Código de Barras Date last seen Date checked out Ejemplar Price effective from Forma de adquisición Tipo de material
    Dewey Decimal Classification     General Inventariado 2017 Bogotá Bogotá 14/02/2015 Instituto 39000.00 2 LB-597.924 M97a 038787 15/09/2017 15/09/2017 Ej. 1 14/02/2015   Libro
    Dewey Decimal Classification     General Inventariado 2017 Bogotá Bogotá 19/06/2015 Instituto 39000.00   LB-597.924 M97a 039080 01/07/2015   Ej. 2 19/06/2015   Libro